• 首页
  • 本馆介绍
  • 公告通知
  • 最新文献
  • 馆藏检索
  • 电子资源
  • 读者导购
  • 参考咨询
  • 我的图书馆
  • 登录
  • 详细信息显示
  • 放入我的书架
  • 预约/预借图书
  • 作者相关作品
  • 分类相关作品
  • 丛书相关作品
  • 出版社相关作品

书目信息

  • 表格格式
  • 工作单格式
  • 卡片格式
题名:
Cocos2d-x实战
    
 
作者: 关东升 著
分册:   C++卷
出版信息: 北京   清华大学出版社  2014.11
页数: 696页
开本: 24cm
丛书名: 清华游戏开发丛书
单 册:
中图分类: TN929.53 , TP368.32
科图分类:
主题词: 移动电话机--游戏程序--程序设计 , 便携式计算机--游戏程序--程序设计 , C语言--程序设计
电子资源:
ISBN: 978-7-302-37930-0
000 01155nam0 2200301 450
001 3529
005 20160926155132.21
010    @a978-7-302-37930-0@b平装@dCNY89.00
100    @a20141127d2014 em y0chiy0110 ea
101 0  @achi
102    @aCN@b110000
105    @ay z 000yy
200 1  @aCocos2d-x实战@9Cocos2d-x shi zhan@b专著@dCocos2d-x in action@iC++卷@iFor C++@zeng@f关东升著
210    @a北京@c清华大学出版社@d2014.11
215    @a696页@d24cm
225 2  @a清华游戏开发丛书@e智捷课堂经典
330    @a本书系统论述了Cocos2d-x游戏开发理论与实践。全书内容涵盖了Cocos2d-x的核心类、瓦片地图、物理引擎、音乐音效、数据持久化、网络通信、数据交换格式、内存管理、性能优化、平台移植、程序代码管理、三大应用商店发布产品等。
333    @a本书适用于游戏程序设计人员
461  0 @12001 @a清华游戏开发丛书
510 1  @aCocos2d-x in action@iFor C++@zeng
606 0  @a移动电话机@x游戏程序@x程序设计
606 0  @a便携式计算机@x游戏程序@x程序设计
606 0  @aC语言@x程序设计
690    @aTN929.53@v5
690    @aTP368.32@v5
701  0 @a关东升@9guan dong sheng@4著
801  0 @aCN@b唐山师范学院图书馆@c20151001
905    @aZUCC@dTN929.53@e110
    
    Cocos2d-x实战=Cocos2d-x in action.C++卷.For C++/关东升著.-北京:清华大学出版社,2014.11
    696页;24cm.-(清华游戏开发丛书:智捷课堂经典)
    使用对象:本书适用于游戏程序设计人员
    
    ISBN 978-7-302-37930-0(平装):CNY89.00
    本书系统论述了Cocos2d-x游戏开发理论与实践。全书内容涵盖了Cocos2d-x的核心类、瓦片地图、物理引擎、音乐音效、数据持久化、网络通信、数据交换格式、内存管理、性能优化、平台移植、程序代码管理、三大应用商店发布产品等。
●
相关链接 在E读中查询图书 在五车中查询图书 在当当中查询图书 在豆瓣中查询图书


正题名:Cocos2d-x实战     索取号:TN929.53/110         预约/预借

序号 登录号 条形码 馆藏地/架位号 状态 备注
1 905752   209057526   第二样本阅览室/ [索取号:TN929.53/110] 在馆    
2 905753   209057535   第三借阅区/ [索取号:TN929.53/110] 在馆    
3 905754   209057544   计算机科学系资料室/ [索取号:TN929.53/110] 在馆    
唐山师范学院图书馆 欢迎您!
大连网信软件有限公司© 版权所有